Statistics for Tennis players with most titles

Click here to take the quiz!

General Stats

  • This quiz has been taken 880 times
  • The average score is 12 of 18

Answer Stats

TitlesPlayer% Correct
82Roger Federer
99%
64Rafael Nadal
98%
48Novak Djokovic
94%
64Pete Sampras
91%
77John McEnroe
90%
64Björn Borg
87%
60Andre Agassi
87%
109Jimmy Connors
83%
94Ivan Lendl
82%
49Boris Becker
82%
42Stefan Edberg
71%
46Rod Laver
64%
58Ilie Năstase
44%
34Michael Chang
43%
62Guillermo Vilas
41%
44Thomas Muster
32%
36Stan Smith
20%
33Manuel Orantes
8%

Score Distribution

Percentile by Number Answered

Percent of People with Each Score

Your Score History

You have not taken this quiz